000 01157nmm a2200325 a 4500
001 ocm000955242
003 TR-IsHL
005 20201028150240.0
008 150110s2004 tu tur
007 cr cn
020 _a9789756865248
035 _a955242
_b(N$T)
050 0 4 _aPL248.B448
_bK46 2004
090 0 4 _aPL248.B448
_bK46 2004
100 1 _aBektaş, Cengiz
245 1 0 _aKentli olmak ya da olmamak: deneme
_h[electronic resource] /
_cCengiz Bektaş
250 _a2. bs.
260 _aİstanbul :
_bEvrensel Basım Yayın,
_c2004
300 _a144 p.
650 4 _aDil ve Edebiyat
650 4 _aLanguage and Literature
650 0 _aBektaş, Cengiz, 1934
_xŞehir ve kasaba hayatı üzerine görüşler
650 0 _aBektaş, Cengiz, 1934-
_xViews on city and town life
650 0 _aŞehir ve kasaba hayatı, edebiyatta
650 0 _aCity and town life in literature
650 0 _aMekan (Felsefe), edebiyatta
650 0 _aPlace (Philosophy) in literature
650 7 _aLITERARY COLLECTIONS / Middle Eastern
_2bisacsh
856 4 0 _uhttp://search.ebscohost.com/login.aspx?direct=true&scope=site&db=e011xww&AN=955242
999 _c10371
_d10371